| 000 | 00589nam a2200193Ia 4500 | ||
|---|---|---|---|
| 008 | 220216s9999 xx 000 0 und d | ||
| 100 | _aVishwasrao J V | ||
| 245 | 0 | _aHigh temperature and reversion resistance of natural rubber- An application for tyre tread | |
| 260 | _bPapers presented at the IRMRA 18th Rubber Conference, Mumbai, January 20-21, 2000. p25-41 | ||
| 650 | _aCuring | ||
| 650 | _aMixing | ||
| 650 | _amoulding | ||
| 650 | _aNatural rubber | ||
| 650 | _aReversion resistance | ||
| 650 | _aTyre tread | ||
| 700 | _aBanerji M S | ||
| 700 | _aDas P K | ||
| 942 | _cJS | ||
| 999 |
_c60406 _d60406 |
||